000 00373nam a2200121Ia 4500
008 170224s9999 xx 000 0 und d
245 2 _aA Study on the Effect of Exit Widths and Crowd Sizes in the Formation of Arch in Clogged Crowds
260 _bPhilippine Computing Journal
260 _c2013
300 _aVIII:1
500 _aAugust
650 _xInformation Technology
999 _c315746
_d315746